| 000 | 00640nam a2200205 a 4500 | ||
|---|---|---|---|
| 001 | 000001772 | ||
| 005 | 20200929145708.0 | ||
| 008 | 090629s2000 sp a 001 0 spa d | ||
| 020 | _a9788474327830 | ||
| 040 | _aDO-SdBNP | ||
| 082 |
_axxxx _bB928t |
||
| 100 | 1 |
_aBueno, Gustavo _95764 |
|
| 245 | 1 | 0 |
_aTelevisión : _bapariencia y verdad / _cGustavo Bueno. |
| 260 |
_aBarcelona, España : _bGedisa, _c2000. |
||
| 300 |
_a333 p. : _bil. ; _c20 cm. |
||
| 490 | 0 | _aEstudios de televisión | |
| 500 | _aIncluye índice | ||
| 504 | _aIncluye referencias bibliográficas y notas al pie de las páginas | ||
| 830 | 0 |
_aEstudios de televisión _95765 |
|
| 999 |
_c1649 _d1649 |
||